000 00578nam a22001697a 4500
005 20251108172906.0
008 250721s2004 xx 000 0 ara d
082 1 4 _a340.1/ دية
100 1 _aأبو دية، مصطفى حسن مصطفى
245 1 0 _aالعدل نتيجة حق و غاية لا تدرك في النظرية العامة للقضاء و التسيير الذاتي /
264 1 _aعمان :
_bأمانة عمان الكبرى،
_c2004.
300 _a148ص
650 1 7 _aالقانون
650 1 7 _aالعدالة
942 _2ddc
_cBK
999 _c91087
_d91087